000 00297nam a22001337a 4500
008 171012b xxu||||| |||| 00| 0 eng d
020 _a9781559342254
041 _aeng
080 _23RD
_a316
100 _a50
101 _aSOC
245 _aWOMEN IN AMERICA SOCIETY
_cSAPIRO.V
942 _2udc
_cBK
999 _c33394
_d33394